000 00442nam a2200193 a 4500
001 4615
003 CO-ViMGA
008 141112s2004 ck r 000 u spa d
040 _aCO-ViMGA
_bspa
_cCO-ViMGA
082 0 4 _a155.67 C423
100 1 _aCicerĂ³n
_955552
245 1 0 _aLa vejez. La amistad
260 _aBarcelona :
_bNorma,
_c1996
300 _a99 p
490 _aMilenio
650 1 4 _aAMISTAD
650 1 4 _aVEJEZ
942 _2ddc
_cBK
999 _c16625
_d16625